[Event "IECG TE.2006.P.02114 email"]
[Site "IECG email"]
[Date "2006.03.17"]
[Round "?"]
[White "Valiant, John"]
[Black "Bertel, Michael"]
[Result "0-1"]
[WhiteElo "1200"]
[BlackElo "1822"]
[PlyCount "22"]
[EventDate "2006.03.17"]
[EventType "tourn (corr)"]
[EventRounds "12"]
[SourceTitle "Corr 2024"]
[Source "ChessBase"]
[SourceDate "2023.10.19"]
[SourceVersion "1"]
[SourceVersionDate "2023.10.19"]
[SourceQuality "1"]

1. e4 c5 2. f4 d5 3. exd5 Nf6 4. Bb5+ Bd7 5. Bxd7+ Qxd7 6. c4 e6 7. dxe6 Qxe6+ 8. Qe2 Nc6 9. Qxe6+ fxe6 10. Nf3 Bd6 11. d3 Nb4 0-1

[Event "IECG TE.2006.P.02109 email"]
[Site "IECG email"]
[Date "2006.03.17"]
[Round "?"]
[White "Valiant, John"]
[Black "Jordaan, Wayne"]
[Result "0-1"]
[WhiteElo "1200"]
[BlackElo "1743"]
[PlyCount "26"]
[EventDate "2006.03.17"]
[EventType "tourn (corr)"]
[EventRounds "12"]
[SourceTitle "Corr 2024"]
[Source "ChessBase"]
[SourceDate "2023.10.19"]
[SourceVersion "1"]
[SourceVersionDate "2023.10.19"]
[SourceQuality "1"]

1. e4 c5 2. f4 e6 3. Nc3 d5 4. exd5 exd5 5. d4 cxd4 6. Qxd4 Nf6 7. Bb5+ Bd7 8. Bxd7+ Qxd7 9. Nf3 Nc6 10. Qd3 Bc5 11. Bd2 0-0 12. 0-0-0 Nb4 13. Qb5 Nxa2+ 0-1

[Event "CFriend CP-2005-P-00055"]
[Site "Chessfriend.com"]
[Date "2005.10.01"]
[Round "1"]
[White "Valiant, John"]
[Black "Baars, Jan Tjeerd"]
[Result "1/2-1/2"]
[WhiteElo "1200"]
[BlackElo "1700"]
[PlyCount "44"]
[EventDate "2005.??.??"]
[EventType "tourn (corr)"]
[EventRounds "6"]
[SourceTitle "Corr 2008"]
[Source "ChessBase"]
[SourceDate "2008.06.24"]
[SourceVersion "1"]
[SourceVersionDate "2008.06.24"]
[SourceQuality "1"]

1. d4 Nf6 2. c4 e6 3. Nc3 d5 4. Nf3 c6 5. Bg5 Nbd7 6. e3 Be7 7. cxd5 exd5 8. Bd3 h6 9. Bh4 0-0 10. Qc2 Re8 11. 0-0 Ne4 12. Bxe7 Qxe7 13. b4 Nxc3 14. Qxc3 a6 15. a4 Nf6 16. b5 axb5 17. axb5 Rxa1 18. Rxa1 Ne4 19. Qc2 cxb5 20. Bxb5 Bd7 21. Bxd7 Qxd7 22. Qb3 Rc8 1/2-1/2

[Event "CFriend CP-2005-P-00055"]
[Site "Chessfriend.com"]
[Date "2005.10.01"]
[Round "1"]
[White "Valiant, John"]
[Black "Heiser, Jerome"]
[Result "1-0"]
[WhiteElo "1200"]
[BlackElo "1111"]
[PlyCount "49"]
[EventDate "2005.??.??"]
[EventType "tourn (corr)"]
[EventRounds "6"]
[SourceTitle "Corr 2008"]
[Source "ChessBase"]
[SourceDate "2008.06.24"]
[SourceVersion "1"]
[SourceVersionDate "2008.06.24"]
[SourceQuality "1"]

1. d4 d5 2. c4 dxc4 3. e4 e5 4. Nf3 Bg4 5. d5 b5 6. a4 Qd7 7. axb5 Qxb5 8. Nc3 Bb4 9. Qa4 Bxc3+ 10. bxc3 Qxa4 11. Rxa4 c5 12. Nxe5 Bd7 13. Nxd7 Nxd7 14. Bxc4 Ngf6 15. f3 0-0 16. Ra6 Rfe8 17. 0-0 Nb6 18. Bb5 Re7 19. Bg5 Re5 20. Bf4 Re7 21. Bd6 Rxe4 22. fxe4 Nxe4 23. Rfa1 Nxd5 24. Bc6 Ndxc3 25. Bxa8 1-0